000 00739cam a22002657a 4500
003 CHAP
005 20220329141326.0
008 971013s r 00010 d
010 _a66419
011 _a67391
035 _a76861
040 _cCHAP
090 _aR-2201
100 0 0 _aHoog, G. S. de.
_956157
245 0 _aCeratocystis versus Ophiostoma a reappraisal
500 _aSobretiro de: Mycologia 76 (2): 292-299, 1984
590 _aBATCH-UPD
_b10
_c20130110
_lUCH01
_h0639
590 _aCONVERSION
_b10
_c20130109
_lUCH01
_h1337
650 1 4 _aCeratocystis.
_921336
650 1 4 _aOphiostoma.
_983367
700 0 _aScheffer, R. J.
_9102935
901 _aBK
942 _cREIMP
949 _aR-2201
_bBC
_cR
_d-29718
_eTS1
_i76861
_si
999 _c66419
_d66419